000 00616nam a2200217 a 4500
001 BRL_1860
005 20190320211412.0
008 100815s1996----mx-o######---#000-0#spa-#
041 _aspa
044 _amx
050 4 _aF1232.C6
_b.V65 1996
100 1 _aVolcovich, Moy
_928071
245 1 0 _aLa loteria de la condesa
_cMoy Volcovich.
260 _a[México
_bTalleres de Litografía Turmex
_c1996]
300 _a180 p.
_bil.
_c24 cm.
500 _aAu2196
651 4 _aCondesa (D.F.)
_xVida social y costumbres
_928072
651 4 _aCondesa (D.F.)
_xRelatos personales
_928073
902 _aGRL
942 _2lcc
_cB
999 _c10668
_d10668